000 01009nam a2200253Ia 4500
003 OSt
005 20221005110214.0
006 a|||||r|||| 00| 0
007 ta
008 221004b |||||||| |||| 00| 0 hin d
020 _a8172011482 (hbk)
_c325
024 _a92177
037 _b543, 19/03/2009, Vani Prakashan
_cTextual
040 _aCRL
_cCRL
_bhin
041 _2hin
_ahin
082 _aO495,1x, 152N1
100 _aचुंग चोंग व्हा, अनु.
245 0 _aशिशिर रात्रि का अनुराग
_b कोरियायी सीजो कविताएॅं
246 _aShishir rātri kā anurāga: koriyāyī sījo kavitāeॅan
260 _aनई दिल्ली
_bसाहित्य अकादेमी भारत
_c1991
300 _a128पृ0
_ccm.
942 _hO495,1x, 152N1
_cTEXL
_2cc
999 _c1018113
_d1018113